Sammelbuch griechischer Urkunden aus Ägypten /

محفوظ في:

مؤلف مشترك: Wissenschaftliche Gesellschaft in Strassburg.

التنسيق: كتاب

اللغة: German

منشور في: Strassburg, K. J. Trübner, 1915-

سلاسل: Sammelbuch Griechischer Urkunden aus Agypten ; 3, 5/3-4, 6-29.
SGUA ; 3, 5/3-4, 6-29.

الموضوعات:

الوسوم: إضافة وسم

لا توجد وسوم, كن أول من يضع وسما على هذه التسجيلة!

رقم الطلب: PA3316 .S2 v.3, 5/3-4, 6-29

LEADER 01267nam a22003137a 4500
003 OSt
005 20250929101642.0
008 250929m19159999gw 000 0 ger d
022 |a 0555-0424 
040 |c ARCE Library 
043 |a f-ua--- 
050 1 4 |a PA3316   |b .S2 v.3, 5/3-4, 6-29 
245 0 0 |a Sammelbuch griechischer Urkunden aus Ägypten /   |c hrsg. im Auftrage der Wissenschaftlichen Gesellschaft in Strassburg von Friedrich Preisigke. 
264 1 |a Strassburg,   |b K. J. Trübner,   |c 1915-  
300 |a volumes :   |b illustrations ;   |c 27 cm. 
490 1 |a Sammelbuch Griechischer Urkunden aus Agypten ;   |v 3, 5/3-4, 6-29. 
490 1 |a SGUA ;   |v 3, 5/3-4, 6-29. 
500 |a Bd. 2-3 have imprint: Berlin, W. de Gruyter; Bd. 4, Heidelberg, Der Verfasser; Bd. 5- Wiesbaden, In Kommission bei O. Harrassowitz. 
650 0 |a Inscriptions, Greek  |z Egypt. 
650 0 |a Manuscripts, Greek (Papyri)  |z Egypt. 
650 0 |a Ostraka. 
650 0 |a Names, Personal   |x Greek. 
651 0 |a Egypt   |x History   |y To 640 A.D.   |v Sources. 
710 2 0 |a Wissenschaftliche Gesellschaft in Strassburg. 
830 0 |a Sammelbuch Griechischer Urkunden aus Agypten ;   |v 3, 5/3-4, 6-29. 
830 0 |a SGUA ;   |v 3, 5/3-4, 6-29. 
901 |a reviewed 
942 |c BK  |2 lcc 
999 |c 22308  |d 22308